[Event "GEO-ch U20 Boys 2020"]
[Site "Tbilisi"]
[Date "2020.08.10"]
[Round "5.6"]
[White "Qalichava, Akaki"]
[Black "Tsereteli, Tornike"]
[Result "1-0"]
[WhiteElo "1832"]
[BlackElo "1735"]
[Annotator "NA"]
[PlyCount "118"]
[EventDate "2020.08.06"]
[EventType "tourn"]
[EventCountry "GEO"]
[SourceTitle "playchess.com"]
[Source "ChessBase"]
[SourceQuality "1"]
[TimeControl "40/5400+30:1800+30"]

1. e4 {[%emt 0:00:00]} e6 {[%emt 0:00:00]} 2. d4 {[%emt 0:00:00]} d5 {[%emt 0:00:00]} 3. Nd2 {[%emt 0:00:00]} Nf6 {[%emt 0:00:00]} 4. e5 {[%emt 0:00:00]} Nfd7 {[%emt 0:00:00]} 5. Bd3 {[%emt 0:00:01]} c5 {[%emt 0:00:00]} 6. c3 {[%emt 0:00:05]} Nc6 {[%emt 0:00:00]} 7. Ne2 {[%emt 0:00:06]} cxd4 {[%emt 0:00:00]} 8. cxd4 {[%emt 0:00:05]} f6 {[%emt 0:00:00]} 9. exf6 {[%emt 0:00:03]} Qxf6 {[%emt 0:00:10]} 10. Nf3 {[%emt 0:01:21]} Bb4+ {[%emt 0:00:05]} 11. Bd2 {[%emt 0:00:27]} Bxd2+ {[%emt 0:00:05]} 12. Qxd2 {[%emt 0:00:04]} O-O {[%emt 0:00:07]} 13. O-O {[%emt 0:04:33]} e5 {[%emt 0:00:06]} 14. dxe5 {[%emt 0:01:13]} Ndxe5 {[%emt 0:00:25]} 15. Nxe5 {[%emt 0:01:53]} Nxe5 {[%emt 0:00:01]} 16. Nd4 {[%emt 0:03:35] C06: French Tarrasch: 3...Nf6 4 e5 Nfd7 5 Bd3 main lines.} Kh8 {[%emt 0:03:52] [#]} 17. Be2 $146 {[%emt 0:02:16]} ({Predecessor:} 17. Rad1 Bd7 18. Be2 Rad8 19. b3 a6 20. Qb4 Qg6 21. Rfe1 Bh3 22. Bf1 Nc6 23. Qb6 Rd6 24. Nxc6 bxc6 25. Qxa6 {1-0 (40) Maksimenko,A (2483)-Musialkiewicz,P (2247) Pokrzywna 2018}) 17... Bg4 {[%emt 0:07:09]} 18. Bxg4 {[%emt 0:04:13]} Nxg4 {[%emt 0:00:17]} 19. h3 {[%emt 0:00:04]} Ne5 {[%emt 0:00:58]} 20. b3 {[%emt 0:00:52]} Ng6 {[%emt 0:04:04]} 21. g3 {[%emt 0:09:27]} Ne5 {[%emt 0:03:13]} 22. Rad1 {[%emt 0:02:38]} Nf7 {[%emt 0:07:42]} 23. Kg2 {[%emt 0:06:27]} Ng5 {[%emt 0:04:09]} 24. f3 {[%emt 0:00:12]} Rad8 {[%emt 0:10:29]} 25. Rde1 {[%emt 0:04:23]} Rde8 {[%emt 0:03:28]} 26. Re3 {[%emt 0:00:35]} Ne4 {[%emt 0:05:40]} 27. Qd3 {[%emt 0:00:19]} Nc5 {[%emt 0:06:45]} 28. Qe2 {[%emt 0:03:58]} Qg6 {[%emt 0:07:59]} 29. Rd1 {[%emt 0:11:37]} Rxe3 {[%emt 0:02:59]} 30. Qxe3 {[%emt 0:00:40]} Re8 {[%emt 0:00:16]} 31. Qd2 {[%emt 0:02:25]} Qa6 {[%emt 0:05:13]} 32. Qc2 {[%emt 0:03:57]} Qb6 {[%emt 0:05:04]} 33. Ne2 {[%emt 0:06:10]} Rd8 {[%emt 0:00:45]} 34. Qf5 {[%emt 0:02:31]} Qe6 {[%emt 0:00:55]} 35. Qxe6 {[%emt 0:00:15]} Nxe6 {[%emt 0:00:01]} 36. f4 {[%emt 0:00:15]} g6 {[%emt 0:00:39]} 37. g4 {[%emt 0:00:54]} Kg7 {[%emt 0:00:49]} 38. Kf3 {[%emt 0:00:09]} Kf6 {[%emt 0:00:32]} 39. Nc3 {[%emt 0:01:31]} Nc7 {[%emt 0:00:12]} 40. Rd4 {[%emt 0:05:23]} Rd6 {[%emt 0:01:33]} 41. Ke3 {[%emt 0:31:31]} Ke6 {[%emt 0:30:06]} 42. Rd2 {[%emt 0:00:15]} Rc6 {[%emt 0:00:43]} 43. Kd4 {[%emt 0:01:01]} Kd6 {[%emt 0:01:28]} 44. f5 {[%emt 0:01:05]} gxf5 {[%emt 0:00:00]} 45. gxf5 {[%emt 0:00:01]} b5 {[%emt 0:00:30] [#]} (45... Rb6 $11) 46. Re2 $1 {[%emt 0:03:16]} b4 {[%emt 0:01:44]} 47. Nxd5 {[%emt 0:00:18]} Nb5+ {[%emt 0:04:33]} 48. Ke4 {[%emt 0:00:05]} Rc1 {[%emt 0:04:20]} 49. Rd2 {[%emt 0:02:22]} Re1+ {[%emt 0:00:13]} 50. Kf4 {[%emt 0:00:32]} Rf1+ $18 {[%emt 0:00:16]} 51. Kg5 {[%emt 0:00:40]} Ke5 {[%emt 0:03:23]} 52. Ne3 {[%emt 0:00:14]} Rg1+ {[%emt 0:00:07]} 53. Ng4+ {[%emt 0:00:07]} Ke4 {[%emt 0:00:08]} 54. f6 {[%emt 0:00:38]} Nd4 {[%emt 0:00:25]} 55. Rxd4+ {[%emt 0:00:04]} Kxd4 {[%emt 0:00:09]} 56. f7 {[%emt 0:00:11]} Rf1 {[%emt 0:01:06]} 57. Nf6 {[%emt 0:00:06]} Ke5 {[%emt 0:00:02]} 58. f8=Q {[%emt 0:00:11]} Rf5+ {[%emt 0:00:06]} 59. Kg4 {[%emt 0:00:13]} Rxf6 {[%emt 0:00:14]} 1-0

[Event "GEO-ch U20 Boys 2020"]
[Site "Tbilisi"]
[Date "2020.08.11"]
[Round "6.1"]
[White "Akhvlediani, Irakli"]
[Black "Kacharava, Nikolozi"]
[Result "0-1"]
[WhiteElo "2358"]
[BlackElo "2437"]
[Annotator "ChessBase"]
[PlyCount "74"]
[EventDate "2020.08.06"]
[EventType "tourn"]
[EventCountry "GEO"]
[SourceTitle "playchess.com"]
[Source "ChessBase"]
[SourceQuality "1"]
[TimeControl "40/5400+30:1800+30"]

1. d4 {[%emt 0:04:27]} d5 {[%emt 0:00:00]} 2. c4 {[%emt 0:00:36]} e6 {[%emt 0:00:35]} 3. Nf3 {[%emt 0:01:13]} c5 {[%emt 0:00:43]} 4. cxd5 {[%emt 0:00:06]} exd5 {[%emt 0:00:19]} 5. Nc3 {[%emt 0:00:03]} Nc6 {[%emt 0:00:51]} 6. g3 {[%emt 0:00:17]} Nf6 {[%emt 0:00:44]} 7. Bg2 {[%emt 0:00:04]} Be7 {[%emt 0:00:37]} 8. O-O {[%emt 0:00:07]} O-O {[%emt 0:00:32]} 9. dxc5 {[%emt 0:02:45]} Bxc5 {[%emt 0:00:26]} 10. a3 {[%emt 0:16:00]} Ne4 {[%emt 0:02:35]} 11. Nxd5 {[%emt 0:08:14]} Be6 {[%emt 0:00:57]} 12. Ne3 {[%emt 0:07:44]} f5 {[%emt 0:02:01]} 13. Qxd8 {[%emt 0:14:32]} Raxd8 {[%emt 0:02:24]} 14. b4 {[%emt 0:04:00]} Bb6 {[%emt 0:07:44]} 15. Nc2 {[%emt 0:24:31]} Bb3 {[%emt 0:12:34]} 16. b5 {[%emt 0:00:11]} Na5 {[%emt 0:06:35]} 17. Nb4 {[%emt 0:06:19]} Bc4 {[%emt 0:04:50]} 18. Be3 {[%emt 0:00:02]} Bxe3 {[%emt 0:03:49]} 19. fxe3 {[%emt 0:00:01]} Nb3 {[%emt 0:08:30]} 20. Rad1 {[%emt 0:01:09]} Bxe2 {[%emt 0:00:53]} 21. Rxd8 {[%emt 0:00:02]} Rxd8 {[%emt 0:00:06]} 22. Re1 {[%emt 0:00:07]} Bxb5 {[%emt 0:00:59]} 23. Nh4 {[%emt 0:03:07]} a5 {[%emt 0:06:59]} 24. Nxf5 {[%emt 0:05:43]} axb4 {[%emt 0:01:27]} 25. Bxe4 {[%emt 0:00:02]} Nd2 {[%emt 0:07:19]} 26. Bxb7 {[%emt 0:00:50]} b3 {[%emt 0:01:03]} 27. Nd4 {[%emt 0:00:03]} Bc4 {[%emt 0:01:55]} 28. a4 {[%emt 0:01:13]} Rb8 {[%emt 0:02:32]} 29. Nxb3 {[%emt 0:00:20]} Bxb3 {[%emt 0:02:45]} 30. Bc6 {[%emt 0:00:03]} Bxa4 {[%emt 0:05:24]} 31. Bd5+ {[%emt 0:00:46]} Kf8 {[%emt 0:00:47]} 32. Ra1 {[%emt 0:00:05]} Rb4 {[%emt 0:00:37]} 33. Rc1 {[%emt 0:00:09]} Ke7 {[%emt 0:01:18]} 34. Bg8 {[%emt 0:00:13]} Rb2 {[%emt 0:01:12]} 35. Bd5 {[%emt 0:00:45]} Bc2 {[%emt 0:01:08]} 36. Ra1 {[%emt 0:00:14]} Be4 {[%emt 0:01:24]} 37. Ra7+ {[%emt 0:00:05]} Kf6 {[%emt 0:00:40]} 0-1

[Event "GEO-ch U20 Boys 2020"]
[Site "Tbilisi"]
[Date "2020.08.11"]
[Round "6.2"]
[White "Khodashneli, Shota"]
[Black "Kilasonia, Lado"]
[Result "1/2-1/2"]
[WhiteElo "1940"]
[BlackElo "1390"]
[Annotator "ChessBase"]
[PlyCount "117"]
[EventDate "2020.08.06"]
[EventType "tourn"]
[EventCountry "GEO"]
[SourceTitle "playchess.com"]
[Source "ChessBase"]
[SourceQuality "1"]
[TimeControl "40/5400+30:1800+30"]

1. e4 {[%emt 0:00:00]} c5 {[%emt 0:00:00]} 2. Nf3 {[%emt 0:00:00]} d6 {[%emt 0:00:00]} 3. Bb5+ {[%emt 0:00:08]} Nd7 {[%emt 0:00:00]} 4. O-O {[%emt 0:04:22]} a6 {[%emt 0:00:00]} 5. Bxd7+ {[%emt 0:09:08]} Bxd7 {[%emt 0:00:00]} 6. d4 {[%emt 0:00:14]} cxd4 {[%emt 0:00:00]} 7. Qxd4 {[%emt 0:00:13]} e5 {[%emt 0:00:17]} 8. Qd3 {[%emt 0:00:45]} h6 {[%emt 0:00:42]} 9. c4 {[%emt 0:01:20]} Nf6 {[%emt 0:00:13]} 10. Nc3 {[%emt 0:00:17]} Be7 {[%emt 0:00:10]} 11. b3 {[%emt 0:00:42]} O-O {[%emt 0:00:34]} 12. a4 {[%emt 0:09:02]} Be6 {[%emt 0:01:44]} 13. Ba3 {[%emt 0:04:50]} Qc7 {[%emt 0:01:02]} 14. Rfd1 {[%emt 0:02:38]} Rad8 {[%emt 0:02:27]} 15. Rac1 {[%emt 0:01:23]} Nh5 {[%emt 0:02:04]} 16. Qe3 {[%emt 0:10:51]} f5 {[%emt 0:03:32]} 17. exf5 {[%emt 0:01:41]} Rxf5 {[%emt 0:00:06]} 18. Ne4 {[%emt 0:14:01]} Nf6 {[%emt 0:01:43]} 19. Nxf6+ {[%emt 0:04:35]} Rxf6 {[%emt 0:00:04]} 20. c5 {[%emt 0:06:18]} dxc5 {[%emt 0:02:47]} 21. Rxd8+ {[%emt 0:01:08]} Qxd8 {[%emt 0:01:59]} 22. Nxe5 {[%emt 0:00:52]} Qd5 {[%emt 0:08:20]} 23. Bxc5 {[%emt 0:04:52]} Bxc5 {[%emt 0:00:17]} 24. Qxc5 {[%emt 0:00:01]} Qxc5 {[%emt 0:05:10]} 25. Rxc5 {[%emt 0:00:02]} Bxb3 {[%emt 0:00:27]} 26. a5 {[%emt 0:01:02]} Rd6 {[%emt 0:00:56]} 27. f4 {[%emt 0:02:00]} Rd5 {[%emt 0:02:05]} 28. Rxd5 {[%emt 0:02:52]} Bxd5 {[%emt 0:00:01]} 29. Kf2 {[%emt 0:00:10]} Kf8 {[%emt 0:00:23]} 30. g4 {[%emt 0:00:12]} Ke7 {[%emt 0:01:43]} 31. Ke3 {[%emt 0:00:08]} Kd6 {[%emt 0:13:52]} 32. Kd4 {[%emt 0:00:06]} Ba2 {[%emt 0:01:26]} 33. h4 {[%emt 0:00:33]} h5 {[%emt 0:02:51]} 34. gxh5 {[%emt 0:03:49]} Ke6 {[%emt 0:00:54]} 35. Ng4 {[%emt 0:09:06]} Kf5 {[%emt 0:03:41]} 36. h6 {[%emt 0:00:49]} gxh6 {[%emt 0:00:10]} 37. Nxh6+ {[%emt 0:00:01]} Kxf4 {[%emt 0:00:35]} 38. Kc5 {[%emt 0:00:11]} Be6 {[%emt 0:02:25]} 39. Kd6 {[%emt 0:00:31]} Bc4 {[%emt 0:02:16]} 40. Ke7 {[%emt 0:01:58]} Ke5 {[%emt 0:00:33]} 41. Ng4+ {[%emt 0:30:06]} Kf4 {[%emt 0:31:00]} 42. Nf6 {[%emt 0:00:15]} Kf5 {[%emt 0:02:24]} 43. Nd7 {[%emt 0:01:32]} Be2 {[%emt 0:03:29]} 44. Kd6 {[%emt 0:03:47]} Kg4 {[%emt 0:00:51]} 45. Kc7 {[%emt 0:00:37]} Kxh4 {[%emt 0:00:56]} 46. Kxb7 {[%emt 0:00:07]} Kg5 {[%emt 0:00:14]} 47. Nc5 {[%emt 0:00:13]} Kf6 {[%emt 0:01:09]} 48. Nxa6 {[%emt 0:00:03]} Ke7 {[%emt 0:00:23]} 49. Nc7 {[%emt 0:01:09]} Kd7 {[%emt 0:00:17]} 50. Kb6 {[%emt 0:00:04]} Kc8 {[%emt 0:00:15]} 51. Nd5 {[%emt 0:00:01]} Kb8 {[%emt 0:00:31]} 52. Nf4 {[%emt 0:00:16]} Bf1 {[%emt 0:00:10]} 53. Ng6 {[%emt 0:00:07]} Ka8 {[%emt 0:00:27]} 54. Ne7 {[%emt 0:00:36]} Kb8 {[%emt 0:00:13]} 55. Nc6+ {[%emt 0:00:07]} Ka8 {[%emt 0:00:12]} 56. Kc7 {[%emt 0:00:25]} Bg2 {[%emt 0:00:31]} 57. Nd4 {[%emt 0:00:07]} Ka7 {[%emt 0:00:11]} 58. a6 {[%emt 0:00:05]} Kxa6 {[%emt 0:00:07]} 59. Nb3 {[%emt 0:00:04]} 1/2-1/2

[Event "GEO-ch U20 Boys 2020"]
[Site "Tbilisi"]
[Date "2020.08.11"]
[Round "6.3"]
[White "Tsomaia, Nikoloz"]
[Black "Petriashvili, Nikoloz"]
[Result "0-1"]
[WhiteElo "2240"]
[BlackElo "2423"]
[Annotator "ChessBase"]
[PlyCount "72"]
[EventDate "2020.08.06"]
[EventType "tourn"]
[EventCountry "GEO"]
[SourceTitle "playchess.com"]
[Source "ChessBase"]
[SourceQuality "1"]
[TimeControl "40/5400+30:1800+30"]

1. e4 {[%emt 0:00:00]} c5 {[%emt 0:00:00]} 2. Nc3 {[%emt 0:00:25]} Nc6 {[%emt 0:00:08]} 3. Bb5 {[%emt 0:00:12]} Nd4 {[%emt 0:01:00]} 4. Nf3 {[%emt 0:00:06]} g6 {[%emt 0:05:09]} 5. Nxd4 {[%emt 0:02:31]} cxd4 {[%emt 0:00:06]} 6. Ne2 {[%emt 0:00:06]} Bg7 {[%emt 0:00:03]} 7. O-O {[%emt 0:00:24]} e6 {[%emt 0:00:23]} 8. c3 {[%emt 0:06:53]} a6 {[%emt 0:00:35]} 9. Bd3 {[%emt 0:00:34]} dxc3 {[%emt 0:02:07]} 10. bxc3 {[%emt 0:03:55]} d5 {[%emt 0:05:30]} 11. Ba3 {[%emt 0:01:22]} b5 {[%emt 0:01:07]} 12. exd5 {[%emt 0:03:18]} Bb7 {[%emt 0:04:33]} 13. Nf4 {[%emt 0:04:47]} Be5 {[%emt 0:03:08]} 14. dxe6 {[%emt 0:33:27]} Bxf4 {[%emt 0:00:17]} 15. Qg4 {[%emt 0:01:48]} Bc7 {[%emt 0:16:22]} 16. Be4 {[%emt 0:02:31]} Bd5 {[%emt 0:15:27]} 17. Qf3 {[%emt 0:24:56]} fxe6 {[%emt 0:00:08]} 18. Qf8+ {[%emt 0:00:41]} Kd7 {[%emt 0:00:04]} 19. Qg7+ {[%emt 0:00:14]} Ne7 {[%emt 0:16:47]} 20. Bxd5 {[%emt 0:00:08]} exd5 {[%emt 0:00:10]} 21. Rae1 {[%emt 0:00:11]} Re8 {[%emt 0:00:27]} 22. Qf7 {[%emt 0:11:51]} Bd6 {[%emt 0:00:20]} 23. Bxd6 {[%emt 0:00:29]} Kxd6 {[%emt 0:00:01]} 24. Re6+ {[%emt 0:00:19]} Kd7 {[%emt 0:00:10]} 25. Rfe1 {[%emt 0:00:41]} Ra7 {[%emt 0:00:09]} 26. Qxh7 {[%emt 0:00:25]} Kc8 {[%emt 0:03:06]} 27. h4 {[%emt 0:00:43]} d4 {[%emt 0:07:19]} 28. g3 {[%emt 0:00:10]} dxc3 {[%emt 0:02:23]} 29. dxc3 {[%emt 0:00:01]} Rc7 {[%emt 0:00:04]} 30. Qf7 {[%emt 0:01:10]} Rf8 {[%emt 0:00:49]} 31. Qg7 {[%emt 0:00:31]} Nf5 {[%emt 0:00:09]} 32. Qxg6 {[%emt 0:00:21]} Nxh4 {[%emt 0:00:26]} 33. Qe4 {[%emt 0:00:39]} Nf3+ {[%emt 0:00:09]} 34. Kh1 {[%emt 0:00:40]} Rh8+ {[%emt 0:00:06]} 35. Kg2 {[%emt 0:00:09]} Nxe1+ {[%emt 0:00:23]} 36. Kg1 {[%emt 0:00:10]} Qd1 {[%emt 0:03:16]} 0-1

[Event "GEO-ch U20 Boys 2020"]
[Site "Tbilisi"]
[Date "2020.08.11"]
[Round "6.4"]
[White "Adamia, Jaba"]
[Black "Kukhaleishvili, Giorgi"]
[Result "0-1"]
[WhiteElo "1905"]
[BlackElo "1801"]
[Annotator "TA"]
[PlyCount "64"]
[EventDate "2020.08.06"]
[EventType "tourn"]
[EventCountry "GEO"]
[SourceTitle "playchess.com"]
[Source "ChessBase"]
[SourceQuality "1"]

{[%evp 24,64,52,40,33,21,22,29,18,0,0,6,0,0,0,0,-10,-28,-32,-81,-59,-266,-249,-254,-10,-29,-10,-85,-63,-895,-856,-2214,-2184,-2041,-1917,-29985,-29986,-29989,-29990,-29991,-29992,-29992,-29993]} 1. d4 d6 2. c4 Nf6 3. Nc3 g6 4. e4 Bg7 5. f3 O-O 6. Be3 c5 7. d5 a6 8. a4 e6 9. Nge2 exd5 10. cxd5 Nbd7 11. Ng3 Ne5 12. Be2 h5 13. O-O Bd7 {Nowadays more popular than 13...Nh7. A65: Modern Benoni: 6 e4.} 14. h3 h4 15. Nh1 {f4 is the strong threat.} b5 {White has an edge.} 16. axb5 axb5 17. Rxa8 Qxa8 18. f4 Nc4 19. Bxc4 $1 bxc4 20. e5 Nh5 21. exd6 Qb8 22. Bxc5 $2 ({White should play} 22. Qd2 $15) 22... Qxb2 $19 23. Bd4 {[#]} Re8 $2 (23... Ba4 $1 $19 {[%cal Ra4d1][%mdl 512]} 24. Nxa4 Qxd4+ 25. Qxd4 Bxd4+ 26. Kh2 Nxf4 $1 {[%mdl 512]}) 24. Bxg7 $11 Nxg7 25. Qf3 (25. Qa1 $11 Qb6+ 26. Nf2) 25... Nf5 $40 {[%mdl 128] And now ...Nd4 would win. White needs to defend precisely.} 26. Rb1 $2 {[%mdl 8192] [#]} (26. Ne4 $15) 26... Qc2 $1 $19 27. Nf2 Nd4 28. Qd1 Qxc3 29. Ng4 Ne2+ {[%mdl 64] Double Attack. Black mates.} 30. Kh1 Bxg4 31. hxg4 h3 32. Qe1 Ng3+ {Accuracy: White = 41%, Black = 82%.} 0-1

[Event "GEO-ch U20 Boys 2020"]
[Site "Tbilisi"]
[Date "2020.08.11"]
[Round "6.5"]
[White "Loladze, Andria"]
[Black "Qalichava, Akaki"]
[Result "1-0"]
[WhiteElo "1794"]
[BlackElo "1832"]
[Annotator "NA"]
[PlyCount "103"]
[EventDate "2020.08.06"]
[EventType "tourn"]
[EventCountry "GEO"]
[SourceTitle "playchess.com"]
[Source "ChessBase"]
[SourceQuality "1"]
[TimeControl "40/5400+30:1800+30"]

{[%evp 8,80,12,12,12,13,3,0,7,15,16,32767,32767,0,18,0,0,0,8,-27,-22,-40,0,0,0,0,29,36,48,-3,0,0,0,-39,-20,-23,-15,-33,0,-31,11,0,0,0,0,-34,0,-23,34,0,0,-46,23,32767,32767,32767,32767,32767,32767,32767,32767,32767,32767,32767,0,-58,-24,-134,-87,-429,-482,-727,-785,-714,-788]} 1. e4 {[%emt 0:00:00]} c5 {[%emt 0:00:00]} 2. Nf3 {[%emt 0:00:00]} e6 {[%emt 0:00:00]} 3. c3 {[%emt 0:00:00]} Nf6 {[%emt 0:00:00]} 4. e5 {[%emt 0:01:17]} Nd5 {[%emt 0:00:00]} 5. d4 {[%emt 0:00:09]} cxd4 {[%emt 0:00:00]} 6. cxd4 {[%emt 0:00:33]} d6 {[%emt 0:00:25]} 7. Bd3 {[%emt 0:06:35]} Nb4 {[%emt 0:01:59]} 8. O-O {[%emt 0:16:10] B22: Sicilian: 2 c3.} Nxd3 {[%emt 0:00:56]} 9. Qxd3 {[%emt 0:00:06] [#]} d5 $146 {[%emt 0:03:21]} ({Predecessor:} 9... dxe5 10. Nxe5 Be7 11. Nc3 O-O 12. Bf4 Na6 13. a3 Nc7 14. Rac1 Nd5 15. Bg3 h5 {1-0 (49) Van der Lende,I (2353)-Brink,B (2360) Wijk aan Zee 2016}) 10. Bg5 {[%emt 0:14:53]} Qb6 {[%emt 0:10:56]} 11. Nc3 {[%emt 0:06:12]} Bd7 {[%emt 0:00:55]} 12. a3 {[%emt 0:21:15]} h6 {[%emt 0:01:16]} 13. Bh4 {[%emt 0:00:59]} Nc6 {[%emt 0:00:32]} 14. Rfd1 {[%emt 0:01:55]} Na5 {[%emt 0:02:32]} 15. Nd2 {[%emt 0:10:19]} Rc8 {[%emt 0:07:25]} (15... g5 $5 16. Bg3 $8 Rc8 $11) 16. Rab1 {[%emt 0:04:09]} Be7 {[%emt 0:09:11]} 17. Bxe7 {[%emt 0:01:59]} Kxe7 {[%emt 0:01:56]} 18. f4 {[%emt 0:01:49]} g6 {[%emt 0:01:05]} 19. Nf3 {[%emt 0:04:47]} Kf8 {[%emt 0:04:33]} 20. g4 {[%emt 0:04:10]} Qd8 {[%emt 0:05:18]} 21. Kf2 {[%emt 0:01:52]} Nc4 {[%emt 0:01:07]} 22. Rg1 {[%emt 0:00:58]} Rc6 {[%emt 0:01:17]} 23. h4 {[%emt 0:00:34]} h5 {[%emt 0:01:03]} 24. gxh5 {[%emt 0:00:41]} Rxh5 {[%emt 0:00:06]} 25. Rg5 {[%emt 0:00:19]} Rxg5 {[%emt 0:00:53]} 26. hxg5 {[%emt 0:00:01]} Qc7 {[%emt 0:00:26]} 27. Ne2 {[%emt 0:01:02]} a6 {[%emt 0:00:44]} (27... Rb6 $15 28. Qc3 Qc6) 28. Nh4 {[%emt 0:00:37]} Be8 {[%emt 0:00:17]} 29. f5 {[%emt 0:00:34]} exf5 {[%emt 0:00:30]} 30. Nf4 {[%emt 0:00:14]} Qd8 {[%emt 0:01:12]} 31. Nf3 {[%emt 0:00:49]} Nb6 {[%emt 0:02:16]} 32. Qf1 {[%emt 0:00:29]} Rc2+ {[%emt 0:00:22]} 33. Kg3 {[%emt 0:00:17]} Ke7 {[%emt 0:02:11]} 34. Qh3 {[%emt 0:00:42]} Kd7 {[%emt 0:00:14]} 35. Re1 {[%emt 0:00:29]} Kc8 {[%emt 0:01:33]} 36. Qh7 {[%emt 0:00:26]} (36. Qh8 $11) 36... Nc4 {[%emt 0:01:03]} 37. e6 {[%emt 0:00:32] [#]} (37. Qg8 $11 {remains equal.}) 37... Nd6 $1 {[%emt 0:00:32]} 38. e7 $19 {[%emt 0:00:28]} (38. exf7 $17 {was the crucial defense.} Bxf7 39. Re2 Ne4+ 40. Rxe4 dxe4 41. Qxf7 exf3 42. Qxg6) 38... Qd7 {[%emt 0:00:19]} 39. Ne5 {[%emt 0:00:37]} (39. Re2 $142 Rxe2 40. Nxe2) 39... Qxe7 {[%emt 0:01:01]} 40. Qh4 {[%emt 0:00:29]} Ne4+ {[%emt 0:00:14] Double Attack} 41. Kf3 {[%emt 0:30:32]} Nxg5+ {[%emt 0:30:07]} 42. Ke3 {[%emt 0:00:17]} f6 {[%emt 0:01:12]} 43. Nxd5 {[%emt 0:00:29]} Qe6 {[%emt 0:00:54]} 44. Kd3 {[%emt 0:00:19]} fxe5 {[%emt 0:01:54]} 45. Rxe5 {[%emt 0:00:51]} Bb5+ {[%emt 0:01:35]} 46. Kxc2 {[%emt 0:00:23]} Qc6+ {[%emt 0:00:06]} 47. Nc3 {[%emt 0:00:37]} Nf7 {[%emt 0:03:01]} 48. Rc5 {[%emt 0:00:14]} Qxc5 {[%emt 0:00:49]} 49. dxc5 {[%emt 0:00:13]} Bc6 {[%emt 0:00:17]} 50. Qf6 {[%emt 0:00:15]} Nd8 {[%emt 0:00:04]} 51. Qxg6 {[%emt 0:00:12]} f4 {[%emt 0:00:03]} 52. Qf5+ {[%emt 0:00:09]} 1-0

[Event "GEO-ch U20 Boys 2020"]
[Site "Tbilisi"]
[Date "2020.08.11"]
[Round "6.6"]
[White "Naqopia, Giorgi"]
[Black "Kavkasidze, Ilia"]
[Result "1/2-1/2"]
[WhiteElo "1806"]
[BlackElo "1768"]
[Annotator "NA RC"]
[PlyCount "76"]
[EventDate "2020.08.06"]
[EventType "tourn"]
[EventCountry "GEO"]
[SourceTitle "playchess.com"]
[Source "ChessBase"]
[SourceQuality "1"]
[TimeControl "40/5400+30:1800+30"]

{[%evp 17,76,0,7,0,7,11,16,16,11,0,0,0,19,8,12,6,38,7,20,14,14,0,0,0,12,-8,29,0,56,31,102,68,105,28,68,62,78,68,76,68,75,75,87,87,95,94,87,87,92,81,84,85,85,70,77,0,0,0,0,0,0]} 1. d4 {[%emt 0:02:56]} d5 {[%emt 0:00:00]} 2. c4 {[%emt 0:00:03]} e6 {[%emt 0:00:27]} 3. Nf3 {[%emt 0:00:05]} Nf6 {[%emt 0:00:39]} 4. Nc3 {[%emt 0:00:04]} Be7 {[%emt 0:00:45]} 5. Bg5 {[%emt 0:00:41]} O-O {[%emt 0:00:25]} 6. e3 {[%emt 0:00:46]} h6 {[%emt 0:00:05]} 7. Bh4 {[%emt 0:00:05]} b6 {[%emt 0:01:10]} 8. cxd5 {[%emt 0:00:16]} Nxd5 {[%emt 0:04:18]} 9. Bxe7 {[%emt 0:00:31]} Qxe7 {[%emt 0:01:49]} 10. Nxd5 {[%emt 0:04:37]} exd5 {[%emt 0:00:28]} 11. Rc1 {[%emt 0:00:19]} Bb7 {[%emt 0:06:22] D59: Queen's Gambit Declined: Tartakower Defence: Main line (8 cxd5 Nxd5).} 12. Be2 {[%emt 0:00:20]} c5 {[%emt 0:05:26]} 13. dxc5 {[%emt 0:00:04]} bxc5 {[%emt 0:00:45]} 14. Qb3 {[%emt 0:00:05] [#]} Rd8 $146 {[%emt 0:12:58]} ({Predecessor:} 14... Rc8 15. O-O Nc6 16. Rfd1 Rab8 17. Bf1 Nd8 18. Qa3 Rc7 19. Ne1 Ne6 20. Nd3 Ba8 {½-½ (47) Ovsejevitsch,S-Kosevich Simferopol 1991}) 15. O-O {[%emt 0:02:18]} Ba6 {[%emt 0:04:37]} 16. Rfe1 {[%emt 0:10:24]} Qd6 {[%emt 0:05:17]} 17. Qa3 {[%emt 0:03:19]} Bxe2 {[%emt 0:03:44]} 18. Rxe2 {[%emt 0:00:03]} Nd7 {[%emt 0:02:31]} 19. Nd4 {[%emt 0:00:27]} Rac8 {[%emt 0:05:48]} 20. Rec2 {[%emt 0:00:34]} Qb6 {[%emt 0:02:33]} 21. b3 {[%emt 0:03:44]} g6 {[%emt 0:01:35]} 22. h3 {[%emt 0:04:18]} a5 {[%emt 0:01:59]} (22... Ne5 $11) 23. Ne2 {[%emt 0:00:19]} Ra8 {[%emt 0:05:49]} ({Better is} 23... Rc6 $14) 24. Nc3 {[%emt 0:01:58]} d4 {[%emt 0:01:13] [#]} 25. Na4 {[%emt 0:00:14]} ({Better is} 25. exd4 $1 $16 Qb4 26. Qxb4 cxb4 27. Nd5) 25... Qb4 {[%emt 0:00:32]} 26. Qxb4 {[%emt 0:00:42]} axb4 {[%emt 0:00:44]} 27. exd4 {[%emt 0:00:17]} cxd4 {[%emt 0:00:24]} 28. Rd2 {[%emt 0:00:05]} Nf6 {[%emt 0:07:51]} 29. Rcd1 {[%emt 0:02:16]} Ne4 {[%emt 0:00:31]} 30. Rxd4 {[%emt 0:00:23]} Rxd4 {[%emt 0:00:01]} 31. Rxd4 {[%emt 0:00:01]} Nc3 {[%emt 0:00:02]} 32. Rxb4 {[%emt 0:01:56]} Nxa2 {[%emt 0:00:14]} 33. Rb7 {[%emt 0:00:11]} Kg7 {[%emt 0:00:58]} 34. Nb6 {[%emt 0:01:30]} Rd8 {[%emt 0:03:03]} 35. Nd7 {[%emt 0:00:03]} Re8 {[%emt 0:03:27]} 36. b4 {[%emt 0:00:20]} ({Better is} 36. Kf1 $16) 36... Re7 {[%emt 0:00:31]} 37. b5 {[%emt 0:00:08]} Nc3 {[%emt 0:00:44]} 38. b6 {[%emt 0:00:31]} Nd5 $11 {[%emt 0:00:13]} 1/2-1/2